000 00383nam a22001697a 4500
003 0
005 20220114142519.0
008 0
020 _a0852292090
040 _c0
050 _aAG5
_b.C516 1989
245 _aChildren's britanica
260 _bEncyclopedia Britanica Incorporation;
_cc1989.
300 _a320pages:
_bwith Illustration;
650 _aBritanica
942 _2lcc
_cREF
999 _c3464
_d3464